00507nam a2200193Ia 4500003000400000005001700004008004100021020001500062040000700077041000800084082001900092100002900111245006500140250000600205260004700211300001800258365001300276650002400289OSt20230405104445.0210423s2007 xx 000 0 und d a8177581805 cAL aeng a546223b HUHJ aHUHEEY (James E);others. aInorganic chemistry: principles of structure and reactivity. a4 aNew DelhibPearson Education Pvt Ltdc2007 axviii,808bPB b450cINR aInorganic Chemistry